Bio-exploitation for sustainable agriculture / (Record no. 138667)

MARC details
000 -LEADER
fixed length control field 00584nam a22001937a 4500
005 - DATE AND TIME OF LATEST TRANSACTION
control field 20170405170659.0
010 ## - LCCN (DPL NO)
LC control number ENG-117611
020 ## - INTERNATIONAL STANDARD BOOK NUMBER
International Standard Book Number 9788179105399
Terms of availability 950.00
035 ## - SYSTEM CONTROL NUMBER
System control number EN-101143
037 ## - SOURCE OF ACQUISITION
Source of stock number/acquisition DABD/PUB
082 ## - DEWEY DECIMAL CLASSIFICATION NUMBER
Classification number 630
100 ## - MAIN ENTRY--PERSONAL NAME
Personal name Trivedi,P.C.
245 ## - TITLE STATEMENT
Title Bio-exploitation for sustainable agriculture /
Statement of responsibility, etc by P.C. Trivedi
260 ## - PUBLICATION, DISTRIBUTION, ETC. (IMPRINT)
Place of publication, distribution, etc Jaipur
Name of publisher, distributor, etc Aavishar Publishars, Distributors
Date of publication, distribution, etc 2016
270 ## - ADDRESS
Address 807,Vyas Building, Chaura Rasta
City Jaipur
Postal code 302003
300 ## - PHYSICAL DESCRIPTION
Extent xxiii,207p.
Dimensions 23cm(Hb)
500 ## - GENERAL NOTE
General note Includes index
942 ## - ADDED ENTRY ELEMENTS (KOHA)
Source of classification or shelving scheme Dewey Decimal Classification
Item type English Books
Classification part 630
Call number suffix TRI
Holdings
Withdrawn status Lost status Not for loan Collection code Home library Current library Date acquired Source of acquisition Cost, normal purchase price Full call number Barcode Copy number Cost, replacement price Koha item type
    Not For Loan Non-fiction D.B.Act.Division D.B.Act.Division 05/04/2017 DBAD/PUB 950.00 630 TRI EN-101143 1 950.00 English Books

© Delhi Public Library
Hit Counter
free hit counter